=LDR 00000nam 2200000 4500 =001 INLIS000000000034922 =005 20251212010328 =035 ##$$a 0010-061300000034922 =008 251212################g##########0#ind## =041 ##$$a ind =082 ##$$a 028.2 =090 ##$$a 028.2, Tri b =100 ##$$a TRIMANSYAH, Bambang =245 1#$$a Bincang riang tentang Pak Tani, /$c Bambang Trimansyah =260 ##$$a Bogor :$b Duta Grafika,$c 2007 =300 ##$$a 28 hlm, : $b ilus ; $c 24 cm =650 #4$$a Bacaan Kanak-kanak =700 #$$a Agustin, Rozalena =850 ##$$a NBPNMAT =084 ##$$a 028.2 TRI b =250 ##$$a Cet. 1 =990 ##$$a 21010634 =990 ##$$a 20102010 =990 ##$$a 21010636 =990 ##$$a 21010634